Statistics for 150 WPM typing speed challenge!!!

Click here to take the quiz!

General Stats

  • This quiz has been taken 1,420 times
  • The average score is 5 of 15

Answer Stats

HintAnswer% Correct
To calculate your total typing speed in words per minute,To calculate your total typing speed in words per minute,
99%
the total number of words typed is divided by thethe total number of words typed is divided by the
91%
total amount of time you take to type the words.total amount of time you take to type the words.
87%
In this test, there are one hundred fifty words toIn this test, there are one hundred fifty words to
70%
type in one minute, which means that if you cantype in one minute, which means that if you can
60%
type all of the words in the test in onetype all of the words in the test in one
46%
minute, your typing speed is one hundred fifty words perminute, your typing speed is one hundred fifty words per
29%
minute. If you can complete the test in under oneminute. If you can complete the test in under one
20%
minute, your typing speed in words per minute is greaterminute, your typing speed in words per minute is greater
12%
than one hundred and fifty words per minute. However, ifthan one hundred and fifty words per minute. However, if
6%
you can type to here, that means that your typingyou can type to here, that means that your typing
3%
speed is equal to or greater than one hundred twentyspeed is equal to or greater than one hundred twenty
2%
are, typing at or greater than one hundred fifty WPM.are, typing at or greater than one hundred fifty WPM.
1%
than forty or fifty words per minute. And here youthan forty or fifty words per minute. And here you
1%
words per minute. Oh my, most people cannot type fasterwords per minute. Oh my, most people cannot type faster
1%

Score Distribution

Percentile by Number Answered

Percent of People with Each Score

Your Score History

You have not taken this quiz